| 000 | 01079nam a2200241Ia 4500 | ||
|---|---|---|---|
| 999 |
_c64664 _d64664 |
||
| 005 | 20240530110743.0 | ||
| 008 | 140319s9999 xx 000 0 ara d | ||
| 017 | _bمصر. دار الكتب | ||
| 040 |
_aGCL / _cGCL |
||
| 082 | 0 | 4 |
_a953.0738/ _bق/م ج _221 |
| 100 | 1 | _aالمسبحى، عز الملك محمد بن عبيد الله بن احمد | |
| 245 | 1 | 2 |
_aالجزء الاربعون من اخبار مصر/ _cعز الملك محمد بن عبيد الله بن احمد المسبحى، حققة وكتب المقدمة وحواشية ووضع فهارسة حسين نصار |
| 260 | _aالقاهرة : | ||
| 300 | _a152 ص | ||
| 490 |
_aالهيئة العامة للاستعلامات _v0 |
||
| 650 | 0 | 4 |
_aالتاريخ الاسلامى _2qrmak |
| 650 | 0 | 4 |
_aالدولة الفاطمية ( 969 - 1171م ) _2qrmak |
| 650 | 0 | 4 |
_aمصر - تاريخ - العصر الفاطمى ( 969-1171 م ) _2qrmak |
| 651 | _2qrmak | ||
| 700 | 0 |
_aحسين نصار _eمحقق ومقدم |
|
| 700 | 1 | _aمحمد بن عبيدالله بن احمد | |
| 942 |
_2ddc _cBK |
||